Classical and Quantum Dynamics from Classical to Path Integrals /

Na minha lista:
Detalhes bibliográficos
Main Authors: Dittrich, Walter (Author), Reuter, Martin (Author)
Formato: Livro
Idioma:inglês
Publicado em: Berlin : Springer Verlag, 1992
Tags: Adicionar Tag
Sem tags, seja o primeiro a adicionar uma tag!

MARC

LEADER 00000nam a22000003a 4500
001 stu31586
005 20150617225658.2
008 940223s1992----gw------------------eng-d
020 |a 3-540-51992-0 
040 |a STU  |b slo 
041 0 |a eng 
044 |a gw 
080 |a 530.145 
100 1 |a Dittrich, Walter  |4 aut 
245 1 |a Classical and Quantum Dynamics from Classical to Path Integrals /  |c [aut.] Dittrich,Walter; Reuter,Martin 
260 |a Berlin :  |b Springer Verlag,  |c 1992 
300 |a 341 s 
700 1 |a Reuter, Martin  |4 aut 
996 |b J90528  |c J*90528  |l JJST  |s P  |a 0  |w stu31586_0001